Marvel Cinematic Universe General Knowledge - Statistics

General Stats
  • This quiz has been taken 331 times
  • The average score is 5 of 30
Answer Stats
Hint Answer % Correct
Which Avenger did Loki disguise himself as a joke when he and Thor were escaping Asgard? Steve Rogers/Captain America
95%
What was Stan Lee's cameo in Avengers: Infinity War? Bus-driver
46%
Which Avenger other than Thor can lift Mjolnir? Vision
43%
Which member of Iron Man's team betrayed them? Natasha Romanoff/Black Widow
35%
Which Infinity Stone was Jane Foster infected with? Reality Stone
25%
Who told Stark where Rogers and Barnes were going at the end of Captain America: Civil War? Sam Wilson/Falcon
25%
This Infinity Stone was responsible for the Avengers first coming together. Space Stone
25%
Tony Stark's nickname for Thor? Point Break
22%
What restaurant did the Avengers go to after defeating Loki? Shawarma
20%
This character from The Incredible Hulk was confirmed to have been killed by Thanos off-screen by the Russo brothers. Betty Ross
16%
What element was Tony Stark using to power his arc reactor? Palladium
15%
Who portrayed Dormammu in Doctor Strange? Benedict Cumberbatch
14%
What was the name of the passageway the Revengers used to escape Sakaar? Devil's Anus
11%
Which country did T'Challa and Okoye find Nakia in? Nigeria
10%
What is the name of the tree that connects the Nine Realms? Yggdrasil
8%
What did Peter Parker say as to why he couldn't go to Germany with Tony Stark? I have homework.
7%
Which future character did Jasper Sitwell name-drop in Captain America: The Winter Soldier? Stephen Strange
7%
What did Red Skull tell Arnim Zola when he gave him his car? Not a scratch
5%
How much was the Collector willing to pay the Guardians for the Orb? 4 billion units
4%
What song played when Yondu, Rocket, and Groot escaped from the Ravagers? Come a Little Bit Closer
4%
What is Banner's secret to keeping calm? I'm always angry
4%
What city was Iron Man forced to subdue Hulk in Avengers: Age of Ultron? Johannesburg
4%
What is Killmonger's real name? N'Jadaka
4%
What company did Scott Lang work for and was arrested for giving away their money? Vistacorp
3%
What was the name of the Asgardian ship Thanos attacked in Avengers: Infinity War? Statesman
2%
How long did Ivan Vanko say he would torture Tony Stark? 40 minutes
1%
What code did the S.H.I.E.L.D. agent watching Steve Rogers yell when he escaped? Code 13
1%
This actor portrayed Thanos in The Avengers. Damien Poitier
1%
What was Darcy's assistant's name? Ian Boothby
1%
What town did Thor find himself in when he landed on Earth? Puente Antiguo
1%
No matching quizzes found
Score Distribution
Percent of People with Each Score
Percentile by Number Answered
Your Score History
You have not taken this quiz